000 00886nam a22002537a 4500
001 48764
003 UA-OsUOA
005 20220621204429.0
007 ta
008 20130711b un ||||| |||| 00| 0 ukr d
040 _aUA-OsUOA
_brus
_cUA-OsUOA
_dUA-OsUOA
041 _arus
080 _a94(47+57)
090 _a94(47+57)
245 _aИстория дореволюционной России в дневниках и воспоминаниях: аннотированый указатель книг и публикаций в журналах
260 _aМ.
_bКнига
_c1976
300 _a300 с.
505 _gт. 1
_tXV-XVIII века
650 7 _a94 Історія Росії
_2UDC
942 _cBK
_2udc
955 _a1
999 _c428888
_d428888